[Event "Mazowiec-chT 1819"]
[Site "Warsaw"]
[Date "2019.01.13"]
[Round "2.14"]
[White "Bajkowski, Marcin"]
[Black "Kaminski, Lukasz"]
[Result "1-0"]
[WhiteElo "1930"]
[BlackElo "1418"]
[PlyCount "125"]
[EventDate "2018.12.02"]
[EventType "team-tourn"]
[EventRounds "7"]
[EventCountry "POL"]
[SourceTitle "EXT 2020"]
[Source "ChessBase"]
[SourceDate "2019.10.17"]
[SourceVersion "1"]
[SourceVersionDate "2019.10.17"]
[SourceQuality "1"]

1. d4 d5 2. c4 dxc4 3. Nc3 e5 4. Nf3 exd4 5. Qxd4 Qxd4 6. Nxd4 Bc5 7. Ndb5 Na6 8. Bf4 Nf6 9. Nxc7+ Nxc7 10. Bxc7 0-0 11. e3 Be6 12. Be2 Rac8 13. Be5 Be7 14. 0-0 a6 15. Bf3 Nd7 16. Bd4 Rc7 17. a4 Nc5 18. a5 Nb3 19. Bb6 Rd7 20. Rad1 Nd2 21. Bxb7 Nxf1 22. Rxd7 Bxd7 23. Kxf1 Bc8 24. Bc6 Be6 25. Bb7 Bc8 26. Bd5 Be6 27. e4 Bg5 28. Bb7 Bc8 29. Bc6 Be6 30. Nd5 Bc1 31. Bd4 Rb8 32. Nb6 f5 33. exf5 Bxf5 34. Bd5+ Kh8 35. Bxc4 Rd8 36. Bc3 Bd3+ 37. Bxd3 Rxd3 38. Ke2 Rd6 39. Nc4 Rd8 40. Ne5 Kg8 41. Nd3 Bg5 42. Nc5 Rd6 43. b4 Kf7 44. Be5 Rc6 45. Kd3 Be7 46. Kc4 Bxc5 47. bxc5 Ke6 48. Bxg7 Rc7 49. Bh6 Rf7 50. f3 Rf6 51. Be3 Rf5 52. f4 Kd7 53. g4 Rf8 54. Kd5 Rf6 55. f5 Rf8 56. c6+ Kc8 57. Bb6 Re8 58. f6 Re1 59. f7 Rd1+ 60. Ke6 Re1+ 61. Kf6 Rf1+ 62. Kg7 h5 63. gxh5 1-0

[Event "POL-ch blitz"]
[Site "Szczawno Zdroj"]
[Date "2018.12.16"]
[Round "6"]
[White "Bajkowski, Marcin"]
[Black "Zochowski, Kacper"]
[Result "0-1"]
[WhiteElo "1930"]
[BlackElo "2271"]
[PlyCount "116"]
[EventDate "2018.12.16"]
[EventType "swiss (blitz)"]
[EventRounds "15"]
[EventCountry "POL"]
[SourceTitle "CBM 187 Extra"]
[Source "ChessBase"]
[SourceDate "2018.11.04"]
[SourceVersion "1"]
[SourceVersionDate "2018.11.04"]
[SourceQuality "1"]

1. d4 Nf6 2. c4 d6 3. Nc3 Nbd7 4. g3 e5 5. d5 Be7 6. Bg2 0-0 7. f4 exf4 8. gxf4 Ng4 9. Ne4 Bh4+ 10. Ng3 Nxh2 11. Qd3 Nc5 12. Qa3 Ng4 13. Bd2 Bd7 14. 0-0-0 Nf2 15. Nh3 Nxd1 16. Kxd1 Re8 17. Ng5 Bxg5 18. fxg5 Qe7 19. b4 Na6 20. Qd3 g6 21. Ne4 Bf5 22. Nf6+ Qxf6 23. gxf6 Bxd3 24. exd3 Nb8 25. Bh3 c6 26. Bf4 cxd5 27. cxd5 Na6 28. a3 Rad8 29. Kd2 Nc7 30. Bg2 Nb5 31. a4 Nd4 32. Be4 a5 33. bxa5 Nb3+ 34. Kc3 Nxa5 35. Kb4 b6 36. Be3 Rb8 37. Rc1 Nb7 38. Rc6 Nc5 39. Bxc5 bxc5+ 40. Kc3 Red8 41. a5 h5 42. a6 h4 43. a7 Ra8 44. Rc7 h3 45. Kd2 Re8 46. Rb7 h2 47. Bg2 g5 48. Rd7 g4 49. Rb7 g3 50. d4 cxd4 51. Rd7 Kh7 52. Rxf7+ Kg6 53. Rg7+ Kxf6 54. Rxg3 Rh8 55. Rf3+ Ke5 56. Bh1 Rxa7 57. Rg3 Ra2+ 58. Kc1 Ra1+ 0-1

[Event "Warsaw YMCA Spring-A 167th"]
[Site "Warsaw"]
[Date "2016.05.13"]
[Round "6"]
[White "Bajkowski, Marcin"]
[Black "Moscicka, Pola"]
[Result "1/2-1/2"]
[WhiteElo "1910"]
[BlackElo "1788"]
[PlyCount "132"]
[EventDate "2016.04.08"]
[EventType "tourn"]
[EventRounds "13"]
[EventCountry "POL"]
[SourceTitle "EXT 2017"]
[Source "ChessBase"]
[SourceDate "2016.10.25"]
[SourceVersion "1"]
[SourceVersionDate "2016.10.25"]
[SourceQuality "1"]

1. e4 c6 2. d4 d5 3. exd5 cxd5 4. Bd3 Nc6 5. c3 Qc7 6. Ne2 Bg4 7. f3 Bd7 8. Bf4 e5 9. dxe5 Nxe5 10. Bc2 Nf6 11. Qd4 Bd6 12. Nd2 0-0 13. Bg5 Be7 14. 0-0-0 Rfd8 15. Bf4 Bd6 16. g4 Nc6 17. Bxd6 Qxd6 18. Qf4 Qxf4 19. Nxf4 d4 20. Rhe1 dxc3 21. bxc3 h6 22. Nc4 Ne8 23. Bb3 Rac8 24. Kb2 b5 25. Ne5 Nxe5 26. Rxe5 Bc6 27. Rxd8 Rxd8 28. Re7 Nd6 29. Rxa7 Bxf3 30. h3 Rc8 31. Bd5 Nc4+ 32. Kb3 Bxd5 33. Nxd5 Rc5 34. Ne7+ Kh8 35. Nf5 Nd2+ 36. Kb2 Ne4 37. Rxf7 Rxc3 38. Rxg7 Rxh3 39. Rg6 Kh7 40. Rb6 Nf2 41. Rxb5 Nxg4 42. a4 Ne3 43. Nxe3 Rxe3 44. a5 Re6 45. Kc3 Ra6 46. Rb7+ Kg8 47. Kb4 h5 48. Rb6 Ra7 49. Rh6 Kg7 50. Rxh5 Kf6 51. Rd5 Ke6 52. Rd8 Rd7 53. Rc8 Kd6 54. Kb5 Rb7+ 55. Ka6 Rb2 56. Ka7 Rb5 57. a6 Rb1 58. Rb8 Ra1 59. Kb7 Rb1+ 60. Kc8 Rc1+ 61. Kd8 Rh1 62. Rb6+ Kc5 63. Rf6 Rh7 64. Kc8 Kb5 65. Kb8 Rh8+ 66. Kb7 Rh7+ 1/2-1/2

[Event "Warsaw YMCA Spring-A 167th"]
[Site "Warsaw"]
[Date "2016.04.08"]
[Round "1"]
[White "Praczukowski, Stanislaw"]
[Black "Bajkowski, Marcin"]
[Result "1-0"]
[WhiteElo "2075"]
[BlackElo "1910"]
[PlyCount "63"]
[EventDate "2016.04.08"]
[EventType "tourn"]
[EventRounds "13"]
[EventCountry "POL"]
[SourceTitle "EXT 2017"]
[Source "ChessBase"]
[SourceDate "2016.10.25"]
[SourceVersion "1"]
[SourceVersionDate "2016.10.25"]
[SourceQuality "1"]

1. Nf3 d5 2. d4 Nf6 3. c4 e6 4. g3 Be7 5. Bg2 0-0 6. 0-0 Nbd7 7. Qc2 b6 8. cxd5 exd5 9. Bf4 c5 10. Nc3 Bb7 11. Rfd1 c4 12. Ne5 a6 13. Nxc4 b5 14. Nd6 Qb6 15. Nf5 Rfe8 16. Nxe7+ Rxe7 17. Qb3 Rd8 18. Bg5 h6 19. Bxf6 Nxf6 20. e3 Qd6 21. Rac1 h5 22. a4 b4 23. Ne2 h4 24. Rc5 hxg3 25. Nxg3 Ng4 26. Qxb4 Qh6 27. h3 Nxe3 28. fxe3 Qxe3+ 29. Kh2 Qf4 30. Rf1 Qd6 31. Qd2 Rde8 32. Qf4 1-0

[Event "Warsaw YMCA Winter-A 163rd"]
[Site "Warsaw"]
[Date "2016.02.25"]
[Round "8"]
[White "Goslawski, Michal"]
[Black "Bajkowski, Marcin"]
[Result "1-0"]
[WhiteElo "2113"]
[BlackElo "1936"]
[PlyCount "93"]
[EventDate "2016.01.08"]
[EventType "tourn"]
[EventRounds "13"]
[EventCountry "POL"]
[SourceTitle "EXT 2018"]
[Source "ChessBase"]
[SourceDate "2017.10.13"]
[SourceVersion "1"]
[SourceVersionDate "2017.10.13"]
[SourceQuality "1"]

1. Nf3 f5 2. c4 Nf6 3. g3 g6 4. Bg2 Bg7 5. 0-0 e6 6. Nc3 0-0 7. d3 Nc6 8. Rb1 d6 9. b4 a6 10. Qb3 h6 11. Rd1 Kh8 12. d4 Ne7 13. Re1 g5 14. e4 fxe4 15. Nxe4 Nxe4 16. Rxe4 Ng6 17. Bb2 Qf6 18. Re2 Bd7 19. Nd2 Rab8 20. Rbe1 Qf7 21. Be4 b6 22. Bc2 Rfe8 23. Qd3 Nf8 24. Re3 Bc6 25. f4 g4 26. a4 b5 27. cxb5 axb5 28. a5 Bd5 29. Bc3 Kg8 30. Ne4 Bh8 31. Qe2 Qg7 32. Nf2 h5 33. Qd3 Qf7 34. Ne4 Bf6 35. Ba1 Bc4 36. Qd2 Nd7 37. Bb1 d5 38. Nf2 c5 39. Bc3 cxb4 40. Bxb4 Ra8 41. Kg2 Nb8 42. f5 Ra6 43. fxe6 Rexe6 44. Rxe6 Rxe6 45. Rxe6 Qxe6 46. Qh6 Qf7 47. Bh7+ 1-0

[Event "Mazowiec-chT 1516"]
[Site "Poland"]
[Date "2016.02.21"]
[Round "6.6"]
[White "Wasilewski, Bartlomiej"]
[Black "Bajkowski, Marcin"]
[Result "1/2-1/2"]
[WhiteElo "2144"]
[BlackElo "1936"]
[PlyCount "110"]
[EventDate "2015.12.13"]
[EventType "team-tourn"]
[EventRounds "7"]
[EventCountry "POL"]
[SourceTitle "EXT 2019"]
[Source "ChessBase"]
[SourceDate "2018.10.10"]
[SourceVersion "1"]
[SourceVersionDate "2018.10.10"]
[SourceQuality "1"]
[WhiteTeam "Zielonka Zieloni II"]
[BlackTeam "Chylice Laura"]
[WhiteTeamCountry "POL"]
[BlackTeamCountry "POL"]

1. e4 e6 2. d4 d5 3. e5 c5 4. c3 Nc6 5. Nf3 Qb6 6. Be2 cxd4 7. cxd4 Nh6 8. b3 Bb4+ 9. Kf1 Nf5 10. a3 Be7 11. Bb2 Bd7 12. g4 Nh4 13. Nbd2 Ng6 14. b4 Nf4 15. Nb3 Nxe2 16. Kxe2 0-0 17. Nc5 Be8 18. Qd2 Qb5+ 19. Qd3 Qxd3+ 20. Nxd3 f6 21. Rhc1 fxe5 22. dxe5 Bg6 23. Nc5 Bxc5 24. Rxc5 Rf4 25. Ng5 Rxg4 26. Nxe6 Re4+ 27. Kf1 Nxe5 28. Rc7 Nf7 29. Nc5 Rh4 30. Rd1 b6 31. Ne6 Rxh2 32. Kg1 Rh3 33. Nf4 Rb3 34. Nxg6 hxg6 35. Bc1 Rd8 36. Rxa7 d4 37. Bf4 b5 38. Ra5 g5 39. Bc7 Rd5 40. Bb6 Ne5 41. Kg2 d3 42. a4 Rxb4 43. axb5 Rbxb5 44. Rxb5 Rxb5 45. Bc7 Ng6 46. Rxd3 Rc5 47. Bd6 Rf5 48. Bg3 Nf4+ 49. Bxf4 gxf4 50. Kf3 g5 51. Kg4 Rc5 52. Rd7 Rc2 53. Kxg5 Rxf2 54. Kg4 f3 55. Rd3 Rg2+ 1/2-1/2

[Event "Mazowiec-chT 1516"]
[Site "Poland"]
[Date "2016.01.24"]
[Round "4.18"]
[White "Kaczmarska, Joanna"]
[Black "Bajkowski, Marcin"]
[Result "1-0"]
[WhiteElo "1971"]
[BlackElo "1936"]
[PlyCount "107"]
[EventDate "2015.12.13"]
[EventType "team-tourn"]
[EventRounds "7"]
[EventCountry "POL"]
[SourceTitle "EXT 2019"]
[Source "ChessBase"]
[SourceDate "2018.10.10"]
[SourceVersion "1"]
[SourceVersionDate "2018.10.10"]
[SourceQuality "1"]
[WhiteTeam "Warszawa Polonia II"]
[BlackTeam "Chylice Laura"]
[WhiteTeamCountry "POL"]
[BlackTeamCountry "POL"]

1. d4 e6 2. c4 b6 3. e4 Bb7 4. Nc3 Bb4 5. Qc2 Bxc3+ 6. bxc3 c5 7. Be3 d6 8. d5 e5 9. Bd3 Nd7 10. Ne2 Ne7 11. g3 Qc8 12. a4 Ng6 13. f4 Nf6 14. f5 Nf8 15. h3 g6 16. g4 gxf5 17. exf5 a6 18. Rb1 Qc7 19. g5 N6d7 20. Kd2 Rb8 21. Ng3 Ba8 22. Be4 b5 23. axb5 axb5 24. cxb5 c4 25. b6 Qc8 26. Qa4 Bb7 27. Qb4 Nc5 28. Qxc4 Nfd7 29. Bxc5 Nxc5 30. Qb5+ Qd7 31. f6 Ra8 32. Ke3 Ra3 33. Rhc1 h6 34. g6 fxg6 35. Bxg6+ Kf8 36. Nf5 Rg8 37. Qxd7 Nxd7 38. Ne7 Rxg6 39. Nxg6+ Kf7 40. Nh4 Nxf6 41. Ra1 Nxd5+ 42. Kd2 Nxb6 43. Rxa3 Nc4+ 44. Kd3 Nxa3 45. Ra1 Nb5 46. c4 Nc7 47. Ra7 Bh1 48. Nf5 Kf6 49. Ng3 Bg2 50. Rxc7 Bxh3 51. Ne4+ Ke6 52. Rc6 Bf1+ 53. Kd2 Ke7 54. Nxd6 1-0

[Event "Warsaw YMCA Winter-A 163rd"]
[Site "Warsaw"]
[Date "2016.01.08"]
[Round "11"]
[White "Bajkowski, Marcin"]
[Black "Nowak, Lukasz1111"]
[Result "0-1"]
[WhiteElo "1936"]
[BlackElo "2251"]
[PlyCount "134"]
[EventDate "2016.01.08"]
[EventType "tourn"]
[EventRounds "13"]
[EventCountry "POL"]
[SourceTitle "EXT 2018"]
[Source "ChessBase"]
[SourceDate "2017.10.13"]
[SourceVersion "1"]
[SourceVersionDate "2017.10.13"]
[SourceQuality "1"]

1. e4 c5 2. Nf3 d6 3. d4 cxd4 4. Nxd4 Nf6 5. Nc3 a6 6. g3 e5 7. Nb3 Be7 8. Bg2 0-0 9. 0-0 Be6 10. Re1 Nbd7 11. Nd2 b5 12. a3 Nb6 13. Nf1 Rc8 14. Ne3 Re8 15. f4 exf4 16. gxf4 Nc4 17. Qd3 Qa5 18. Nxc4 Bxc4 19. Qg3 b4 20. Ne2 Bd8 21. b3 Bxe2 22. Rxe2 Bb6+ 23. Kh1 Bd4 24. Ra2 Rc3 25. Qe1 Qh5 26. Bb2 Ng4 27. Bf1 Rxe4 28. Bxc3 Nf2+ 29. Rxf2 Rxe1 30. Bxd4 Qd5+ 31. Kg1 Qxd4 32. axb4 Qxb4 33. Rxa6 g6 34. Ra4 Qc5 35. Rc4 Qf5 36. Rc3 Rc1 37. Kg2 Qe4+ 38. Kg3 Qe1 39. Rc7 Qe3+ 40. Kg2 Qe4+ 41. Kg1 d5 42. Rc3 h5 43. Rd3 Kg7 44. Rdd2 Kh6 45. Rd3 Kg7 46. Rdd2 Qf5 47. Rd3 Kh6 48. Rc3 Qe6 49. Rd3 Qe4 50. Rc3 Rd1 51. Rd3 Rxd3 52. Bxd3 Qe3 53. Bf1 f6 54. Bg2 d4 55. Bf1 g5 56. fxg5+ fxg5 57. Kg2 g4 58. Bd3 Kg7 59. Re2 Qf3+ 60. Kg1 h4 61. Bc4 h3 62. Bd3 Kh6 63. Re6+ Kg5 64. Re5+ Kh4 65. Re2 Qf4 66. Be4 g3 67. Bd3 Qc1+ 0-1

[Event "Warsaw YMCA Winter-A 163rd"]
[Site "Warsaw"]
[Date "2016.01.08"]
[Round "1"]
[White "Choroszej, Aleksander"]
[Black "Bajkowski, Marcin"]
[Result "1/2-1/2"]
[WhiteElo "1937"]
[BlackElo "1936"]
[PlyCount "53"]
[EventDate "2016.01.08"]
[EventType "tourn"]
[EventRounds "13"]
[EventCountry "POL"]
[SourceTitle "EXT 2018"]
[Source "ChessBase"]
[SourceDate "2017.10.13"]
[SourceVersion "1"]
[SourceVersionDate "2017.10.13"]
[SourceQuality "1"]

1. d4 e6 2. c4 f5 3. Nc3 Nf6 4. g3 d5 5. Bg2 c6 6. Nf3 Bd6 7. 0-0 0-0 8. b3 Nbd7 9. Bb2 Ne4 10. Nd2 Ndf6 11. Ndxe4 Nxe4 12. Nxe4 fxe4 13. f3 exf3 14. exf3 Bd7 15. f4 g5 16. Qh5 gxf4 17. cxd5 Rf5 18. Qh6 Bf8 19. Qh3 exd5 20. Qg4+ Qg5 21. Qxg5+ Rxg5 22. Rxf4 Bd6 23. Rf6 Be7 24. Rf2 Rf8 25. Raf1 Rgf5 26. Rxf5 Rxf5 27. Re1 1/2-1/2

[Event "Rubinstein Memorial op 51st"]
[Site "Polanica Zdroj"]
[Date "2015.08.24"]
[Round "3"]
[White "Nowak, Lukasz1111"]
[Black "Bajkowski, Marcin"]
[Result "1/2-1/2"]
[WhiteElo "2113"]
[BlackElo "1892"]
[PlyCount "134"]
[EventDate "2015.08.22"]
[EventType "swiss"]
[EventRounds "9"]
[EventCountry "POL"]
[SourceTitle "EXT 2016"]
[Source "ChessBase"]
[SourceDate "2015.10.08"]
[SourceVersion "1"]
[SourceVersionDate "2015.10.08"]
[SourceQuality "1"]

1. e4 c5 2. Nf3 d6 3. d4 cxd4 4. Nxd4 Nf6 5. Nc3 a6 6. h3 e6 7. g4 h6 8. Bg2 Qc7 9. 0-0 Be7 10. Be3 Nc6 11. Nce2 Bd7 12. c3 0-0 13. Qd2 Rac8 14. Rac1 d5 15. exd5 Nxd5 16. Bxd5 exd5 17. Nf4 Qd6 18. Nb3 Be6 19. Rcd1 Ne5 20. Qe2 Nc4 21. Bc1 g5 22. Nh5 Rce8 23. Rfe1 Bd8 24. Qd3 b5 25. Nd4 Bc8 26. Nf5 Bxf5 27. Qxf5 Re5 28. Rxe5 Nxe5 29. Be3 Re8 30. b3 Qe6 31. Ng3 Bc7 32. Bd4 Ng6 33. Nh5 Rd8 34. Qf6 Qxf6 35. Nxf6+ Kf8 36. Bc5+ Kg7 37. Nxd5 Be5 38. Bb6 Rd7 39. Ne3 Rxd1+ 40. Nxd1 Nf4 41. c4 Nxh3+ 42. Kf1 Nf4 43. cxb5 axb5 44. a4 bxa4 45. bxa4 Nd5 46. Bc5 Bc7 47. Ke2 f5 48. f3 fxg4 49. fxg4 Kg6 50. Kd3 h5 51. gxh5+ Kxh5 52. Ke4 Nb6 53. a5 Nd7 54. Bb4 g4 55. Ne3 g3 56. Kf3 Kh4 57. Nd5 Ne5+ 58. Kg2 Nc6 59. a6 Bb8 60. Be7+ Nxe7 61. Nxe7 Ba7 62. Nf5+ Kg4 63. Nxg3 Kf4 64. Ne2+ Ke5 65. Nc3 Kd4 66. Nb5+ Kc5 67. Nxa7 Kb6 1/2-1/2

[Event "Warsaw Najdorf Memorial op-B 13th"]
[Site "Warsaw"]
[Date "2015.07.17"]
[Round "8"]
[White "Kowalczyk, Rafal"]
[Black "Bajkowski, Marcin"]
[Result "1-0"]
[WhiteElo "2158"]
[BlackElo "1863"]
[PlyCount "137"]
[EventDate "2015.07.10"]
[EventType "swiss"]
[EventRounds "9"]
[EventCountry "POL"]
[SourceTitle "CBM 167 Extra"]
[Source "ChessBase"]
[SourceDate "2015.09.14"]
[SourceVersion "1"]
[SourceVersionDate "2015.09.14"]
[SourceQuality "1"]

1. d4 Nf6 2. c4 g6 3. Nc3 d5 4. Nf3 Bg7 5. g3 0-0 6. Bg2 c6 7. 0-0 dxc4 8. a4 a5 9. e4 Na6 10. Qe2 Nb4 11. Rd1 b6 12. Ne5 Ba6 13. Nxc4 e6 14. b3 b5 15. axb5 Bxb5 16. Nxb5 cxb5 17. Na3 Rc8 18. Qxb5 Ng4 19. Qe2 Bxd4 20. Bb2 Bxf2+ 21. Kh1 Qg5 22. Bf3 h5 23. Bxg4 Qxg4 24. Qxf2 Qxe4+ 25. Qg2 Qe3 26. Rf1 Qxb3 27. Rf3 Qd5 28. Bf6 Nc2 29. Raf1 Nxa3 30. Rxa3 Rc5 31. Raf3 Re8 32. Qe2 e5 33. Qe3 Rc6 34. Kg1 Qc5 35. Kg2 Qxe3 36. Rxe3 e4 37. Kh3 Ree6 38. Bc3 a4 39. Rb1 f5 40. Kh4 Rb6 41. Ra1 Ra6 42. Kg5 Kf7 43. Bb4 Reb6 44. Be1 Rc6 45. Re2 Kg7 46. Bf2 Rc4 47. Rd2 Rc7 48. Ra3 Kf7 49. Be3 Ke7 50. Rd4 h4 51. Kxh4 Kf6 52. Kh3 Rc2 53. Rdxa4 Rac6 54. Ra6 g5 55. Rxc6+ Rxc6 56. Ra2 Kg6 57. Rb2 Kh5 58. Kg2 Rc3 59. Bd2 Rd3 60. Be1 f4 61. Rb5 f3+ 62. Kf2 Ra3 63. Rd5 Kg4 64. Bd2 e3+ 65. Bxe3 Ra2+ 66. Rd2 Ra5 67. Rd4+ Kh3 68. Bxg5 Ra2+ 69. Bd2 1-0

[Event "Warsaw Najdorf Memorial op-B 13th"]
[Site "Warsaw"]
[Date "2015.07.14"]
[Round "5"]
[White "Bajkowski, Marcin"]
[Black "Krasiewicz, Robert"]
[Result "0-1"]
[WhiteElo "1863"]
[BlackElo "2035"]
[PlyCount "96"]
[EventDate "2015.07.10"]
[EventType "swiss"]
[EventRounds "9"]
[EventCountry "POL"]
[SourceTitle "CBM 167 Extra"]
[Source "ChessBase"]
[SourceDate "2015.09.14"]
[SourceVersion "1"]
[SourceVersionDate "2015.09.14"]
[SourceQuality "1"]

1. d4 f5 2. e4 fxe4 3. Nc3 Nf6 4. Bg5 Nc6 5. d5 Ne5 6. Qd4 Nf7 7. Bxf6 exf6 8. Nxe4 f5 9. Nc3 g6 10. 0-0-0 Bh6+ 11. Kb1 0-0 12. Bc4 Bg7 13. Qd2 Nd6 14. Qd3 Qh4 15. Bb3 Qxf2 16. g3 a6 17. Nh3 Qc5 18. Na4 Qa5 19. Nf2 b5 20. Nc3 Qb6 21. Rhf1 a5 22. a4 bxa4 23. Nxa4 Qb4 24. Qd2 Ba6 25. Qxb4 axb4 26. Rfe1 Bc4 27. Nc5 Ra5 28. Bxc4 Nxc4 29. Nb3 Ra7 30. Nd3 Rfa8 31. Re7 d6 32. Rxg7+ Kxg7 33. Nxb4 Kf6 34. Rd4 Ne5 35. h3 g5 36. c3 h5 37. Kc2 Nf3 38. Rd1 Re8 39. Nc6 Ra2 40. Nc1 Ra1 41. b4 Re1 42. Rxe1 Nxe1+ 43. Kb2 Ra8 44. Nd4 Re8 45. Nb5 Re7 46. Nb3 f4 47. gxf4 g4 48. hxg4 hxg4 0-1

[Event "Warsaw Najdorf Memorial op-B 13th"]
[Site "Warsaw"]
[Date "2015.07.12"]
[Round "3"]
[White "Bajkowski, Marcin"]
[Black "Drozdowski, Konrad"]
[Result "1-0"]
[WhiteElo "1863"]
[BlackElo "2059"]
[PlyCount "75"]
[EventDate "2015.07.10"]
[EventType "swiss"]
[EventRounds "9"]
[EventCountry "POL"]
[SourceTitle "CBM 167 Extra"]
[Source "ChessBase"]
[SourceDate "2015.09.14"]
[SourceVersion "1"]
[SourceVersionDate "2015.09.14"]
[SourceQuality "1"]

1. d4 d5 2. Nf3 Nf6 3. c4 dxc4 4. Nc3 a6 5. e4 b5 6. a4 b4 7. Na2 Nxe4 8. Bxc4 e6 9. 0-0 Bb7 10. Re1 Be7 11. Qd3 Nf6 12. Ng5 Bd5 13. a5 Nc6 14. Bd2 Bxc4 15. Qxc4 Nxa5 16. Qe2 0-0 17. Nxb4 c5 18. Nxa6 Nb3 19. Nxe6 Nxd4 20. Nxd4 Qxd4 21. Bc3 Qd6 22. Qxe7 Rxa6 23. Rxa6 Qxa6 24. Qxc5 h6 25. h3 Rc8 26. Qf5 Ne8 27. Qg4 f6 28. Qd7 Qa8 29. Re7 Rd8 30. Qe6+ Kh8 31. Qf7 Qa4 32. g3 Qa8 33. Kh2 Qf3 34. Rxe8+ Kh7 35. Kg1 Rd1+ 36. Re1 Rxe1+ 37. Bxe1 Qe2 38. Bc3 1-0

[Event "Mazowiec-chT 1415"]
[Site "Warsaw"]
[Date "2015.03.01"]
[Round "7.2"]
[White "Bajkowski, Marcin"]
[Black "Markiewicz, Michal"]
[Result "1-0"]
[WhiteElo "1861"]
[BlackElo "1588"]
[PlyCount "107"]
[EventDate "2015.01.11"]
[EventType "team-tourn"]
[EventRounds "7"]
[EventCountry "POL"]
[SourceTitle "EXT 2019"]
[Source "ChessBase"]
[SourceDate "2018.10.10"]
[SourceVersion "1"]
[SourceVersionDate "2018.10.10"]
[SourceQuality "1"]

1. d4 Nf6 2. c4 g6 3. Nc3 d5 4. cxd5 Nxd5 5. e4 Nxc3 6. bxc3 Bg7 7. Bc4 0-0 8. Ne2 c5 9. Be3 Nc6 10. 0-0 Na5 11. Bd3 c4 12. Bc2 b5 13. Rb1 Bd7 14. f4 e6 15. f5 e5 16. Ng3 Bc6 17. d5 Bd7 18. Qd2 f6 19. Qf2 Qc7 20. h4 Kh8 21. Qe2 Nb7 22. fxg6 hxg6 23. h5 g5 24. Nf5 Bxf5 25. Rxf5 Nd6 26. Rff1 Bh6 27. g4 Rf7 28. a4 a6 29. Qf2 Qd7 30. Qf3 Qd8 31. Kg2 Rc8 32. Qf2 Qd7 33. Kh3 Kh7 34. Bc5 Bf8 35. Bxd6 Bxd6 36. Qb6 bxa4 37. Qxa6 a3 38. Rb6 Be7 39. Ba4 Qc7 40. Rc6 Qb8 41. Qxc8 Qa7 42. Qf5+ Kh8 43. Rxc4 a2 44. Qf3 Qb6 45. Ra1 Qb1 46. Qd1 Qb2 47. Bb3 Qf2 48. Rxa2 Qe3+ 49. Kg2 Bc5 50. Ra8+ Kh7 51. Rxc5 Qxc5 52. d6 Qxc3 53. d7 Qb2+ 54. Bc2 1-0

[Event "Mazowiec-chT 1415"]
[Site "Warsaw"]
[Date "2015.03.01"]
[Round "6.2"]
[White "Mietek, Lukasz"]
[Black "Bajkowski, Marcin"]
[Result "0-1"]
[WhiteElo "1935"]
[BlackElo "1861"]
[PlyCount "74"]
[EventDate "2015.01.11"]
[EventType "team-tourn"]
[EventRounds "7"]
[EventCountry "POL"]
[SourceTitle "EXT 2019"]
[Source "ChessBase"]
[SourceDate "2018.10.10"]
[SourceVersion "1"]
[SourceVersionDate "2018.10.10"]
[SourceQuality "1"]

1. d4 d5 2. c4 c6 3. Nc3 e6 4. Nf3 dxc4 5. a4 Bb4 6. e4 b5 7. Be2 Bb7 8. 0-0 a6 9. Bg5 Ne7 10. Qc2 h6 11. Bh4 0-0 12. Rad1 Bxc3 13. bxc3 Nd7 14. Nd2 g5 15. Bg3 f5 16. Bd6 Nb6 17. Ba3 Nxa4 18. Nxc4 Qc7 19. Ne5 Kg7 20. f4 g4 21. Qb3 Rf6 22. c4 h5 23. Rc1 Qd8 24. Rfd1 Rc8 25. Qb4 Ng6 26. g3 fxe4 27. Qb1 Nxf4 28. gxf4 Rxf4 29. Qa1 Qh4 30. Rf1 g3 31. Rxf4 Qxh2+ 32. Kf1 g2+ 33. Ke1 Qxf4 34. Nf3 exf3 35. d5+ e5 36. Kf2 fxe2+ 37. Kxg2 Rg8 0-1

[Event "Mazowiec-chT op"]
[Site "Poland"]
[Date "2014.11.16"]
[Round "6.7"]
[White "Banasiak, Adam"]
[Black "Bajkowski, Marcin"]
[Result "0-1"]
[WhiteElo "1428"]
[BlackElo "1855"]
[PlyCount "60"]
[EventDate "2014.10.05"]
[EventType "team-tourn"]
[EventRounds "10"]
[EventCountry "POL"]
[SourceTitle "EXT 2019"]
[Source "ChessBase"]
[SourceDate "2018.10.10"]
[SourceVersion "1"]
[SourceVersionDate "2018.10.10"]
[SourceQuality "1"]

1. e4 c5 2. Nf3 d6 3. d4 cxd4 4. Nxd4 Nf6 5. Nc3 a6 6. Bg5 e6 7. Bc4 b5 8. Bb3 Be7 9. h3 b4 10. Bxf6 Bxf6 11. Nce2 0-0 12. Rb1 Qb6 13. 0-0 Bb7 14. Qd3 Nc6 15. Nxc6 Qxc6 16. f3 a5 17. Bc4 Rac8 18. Bb5 Qxc2 19. Qxd6 Rfd8 20. Qb6 Qc5+ 21. Qxc5 Rxc5 22. Ba4 Rd2 23. Rfc1 Rxe2 24. Rxc5 Bd4+ 25. Kf1 Rf2+ 26. Ke1 Bxc5 27. Rc1 Bb6 28. Bc6 Bxc6 29. Rxc6 g6 30. Rxb6 Rxb2 0-1

[Event "Warsaw YMCA Spring-B 139th"]
[Site "Warsaw"]
[Date "2014.06.10"]
[Round "10"]
[White "Bajkowski, Marcin"]
[Black "Lewandrowski, Tomasz"]
[Result "0-1"]
[WhiteElo "1853"]
[BlackElo "1854"]
[PlyCount "80"]
[EventDate "2014.04.08"]
[EventType "tourn"]
[EventRounds "11"]
[EventCountry "POL"]
[SourceTitle "EXT 2015"]
[Source "ChessBase"]
[SourceDate "2014.11.20"]
[SourceVersion "1"]
[SourceVersionDate "2014.11.20"]
[SourceQuality "1"]

1. d4 Nf6 2. c4 g6 3. Nc3 Bg7 4. e4 d6 5. Bd3 0-0 6. Nge2 c5 7. d5 e6 8. 0-0 exd5 9. Nxd5 Nxd5 10. exd5 Nd7 11. Nc3 Re8 12. Bf4 Ne5 13. Re1 f5 14. Qd2 Bd7 15. Bf1 a6 16. b3 Qa5 17. Rac1 b5 18. Nb1 Qb6 19. Bh6 Bh8 20. h4 Nf7 21. Bf4 Ne5 22. h5 bxc4 23. Bxc4 Re7 24. Bg5 Ree8 25. Na3 Bb5 26. Kh1 Ng4 27. hxg6 hxg6 28. Re6 Rxe6 29. dxe6 Bd4 30. Bh4 Kg7 31. f3 Rh8 32. g3 Bc6 33. Kg2 Ne3+ 34. Kh3 Bxf3 35. Re1 f4 36. Nc2 Bg4+ 37. Kh2 fxg3+ 38. Kxg3 Nf5+ 39. Kf4 Rxh4 40. Nxd4 Be2+ 0-1

[Event "Mazowiec-chT 1314"]
[Site "Poland"]
[Date "2014.01.19"]
[Round "3.11"]
[White "Harazinska, Ewa"]
[Black "Bajkowski, Marcin"]
[Result "0-1"]
[WhiteElo "2078"]
[BlackElo "1839"]
[PlyCount "92"]
[EventDate "2014.01.12"]
[EventType "team-tourn"]
[EventRounds "10"]
[EventCountry "POL"]
[SourceTitle "EXT 2019"]
[Source "ChessBase"]
[SourceDate "2018.10.10"]
[SourceVersion "1"]
[SourceVersionDate "2018.10.10"]
[SourceQuality "1"]

1. d4 d5 2. c4 c6 3. Nf3 Nf6 4. Nc3 e6 5. Bg5 Nbd7 6. e3 Qa5 7. cxd5 exd5 8. Nd2 Bd6 9. Rc1 h6 10. Bh4 0-0 11. Bd3 Re8 12. 0-0 g5 13. Bg3 Bxg3 14. hxg3 Nf8 15. e4 dxe4 16. Ndxe4 Nxe4 17. Nxe4 Kg7 18. Qf3 Qd8 19. Rfd1 g4 20. Qf4 Ng6 21. Qd6 f5 22. Qxd8 Rxd8 23. Nc5 Rxd4 24. Bc4 Rxd1+ 25. Rxd1 b6 26. Ne6+ Bxe6 27. Bxe6 Ne7 28. Rd7 Kf6 29. Bb3 a5 30. Rd6+ Kg7 31. Rd7 Kf8 32. Rd6 a4 33. Bc2 Kg7 34. Rd7 Kf6 35. Rd6+ Kg5 36. Re6 Ra7 37. f4+ gxf3 38. gxf3 f4 39. Re5+ Kf6 40. gxf4 b5 41. Kf2 Rd7 42. Ke2 Rd4 43. Rc5 Rd5 44. Rc3 c5 45. a3 Rh5 46. b3 Nd5 0-1

[Event "Mazowiec-chT op 2013"]
[Site "Poland"]
[Date "2013.10.06"]
[Round "4.21"]
[White "Bajkowski, Marcin"]
[Black "Lewandrowski, Tomasz"]
[Result "0-1"]
[WhiteElo "1850"]
[BlackElo "1795"]
[PlyCount "44"]
[EventDate "2013.09.29"]
[EventType "team-swiss"]
[EventRounds "10"]
[EventCountry "POL"]
[SourceTitle "EXT 2019"]
[Source "ChessBase"]
[SourceDate "2018.10.10"]
[SourceVersion "1"]
[SourceVersionDate "2018.10.10"]
[SourceQuality "1"]

1. d4 Nf6 2. Bg5 e6 3. e4 h6 4. Bxf6 Qxf6 5. Nf3 d6 6. c3 e5 7. Nbd2 Nd7 8. Bc4 c6 9. 0-0 g5 10. dxe5 dxe5 11. b4 h5 12. Ne1 g4 13. Nd3 Bh6 14. g3 h4 15. f4 hxg3 16. hxg3 exf4 17. Nxf4 Qxc3 18. Bxf7+ Kd8 19. Ne6+ Ke7 20. Qxg4 Be3+ 21. Kg2 Qxd2+ 22. Kf3 Ne5# 0-1